The Earth Quiz - Statistics

General Stats
  • This quiz has been taken 63 times
  • The average score is 14 of 20
Answer Stats
Hint Answer % Correct
Largest of Earth's 7 continents Asia
96%
Massive reptiles that went extinct around 65 million years ago Dinosaurs
92%
Gas that makes up roughly 78% of the air in Earth's atmosphere Nitrogen
92%
Earth's nickname that refers to its oceans The {Blue} Planet
92%
Deepest part of the Pacific Ocean {Mariana} Trench
90%
English scientist who discovered the three laws of motion Isaac Newton
88%
Mountain range where the above is located Himalayas
87%
Highest point above sea level (not overall, as the Earth bulges at its equator) Mount Everest
87%
Process in which plants use light energy to convert water and carbon dioxide into glucose and the oxygen that makes up 21% of the atmosphere Photosynthesis
85%
Term for a long period of cooler global temperatures Ice age
83%
Class of warm-blooded animals that includes humans, dogs, lions, elephants, and more Mammals
81%
Multinational space laboratory launched in 1998 that orbits 400 kilometers above Earth International Space Station
77%
Latin name for the Earth Terra
73%
Type of molecule that protects Earth's surface from most UV rays Ozone
65%
Soviet cosmonaut on Vostok 1 who was the first person to leave Earth's atmosphere Yuri Gagarin
62%
Narrator of "Planet Earth" on the BBC David Attenborough
54%
The above is created in this layer of the atmosphere {Strato}sphere
50%
During the above, these massive compacted snow piles are created near the poles Glaciers
46%
Geological epoch that we are currently living in Holocene
21%
It is believed that this protoplanet crashed into Earth long ago, causing its 23.5° tilt and forming the Moon Theia
21%
No matching quizzes found
Score Distribution
Percent of People with Each Score
Percentile by Number Answered
Your Score History
You have not taken this quiz